header

The little data book on information and communication technology. (Record no. 46268)

MARC details
000 -LEADER
fixed length control field 01923nam a2200409Ia 4500
245 04 - TITLE STATEMENT
Title The little data book on information and communication technology.
260 ## - PUBLICATION, DISTRIBUTION, ETC. (IMPRINT)
Place of publication Washington, D.C. :
Name of publisher World Bank,
Year of publication 2009.
300 ## - PHYSICAL DESCRIPTION
Number of Pages vi, 230 p.
490 0# - SERIES STATEMENT
Series statement Little data book on information and communication technology ;
500 ## - GENERAL NOTE
General note Includes information from: World development indicators.
General note Issued by the Development Data Group of the Development Economics Vice Presidency and the Global Information and Communication Technologies Dept. of the World Bank.
650 #0 - SUBJECT ADDED ENTRY--TOPICAL TERM
Topical Term Digital divide
Topical Term Information technology
Topical Term Information technology
Topical Term Information technology
Topical Term Telecommunication
Topical Term Telecommunication
Topical Term Telecommunication
856 40 - ELECTRONIC LOCATION AND ACCESS
Uniform Resource Identifier http://site.ebrary.com/lib/rucke/Doc?id=10340915

No items available.

© 2026 Rongo University
Contact us: librarian | system librarian | Rongo university